[Event "ch-city A"]
[Site "Warszawa"]
[Date "2012.05.30"]
[Round "5.2"]
[White "Szczepkowska Horowska, Karina"]
[Black "Janczarski, Michal"]
[Result "1/2-1/2"]
[WhiteElo "2387"]
[BlackElo "2345"]
[PlyCount "36"]
[EventDate "2012.05.26"]
[EventType "swiss"]
[EventRounds "9"]
[EventCountry "POL"]

1. e4 c5 2. Nf3 d6 3. d4 cxd4 4. Nxd4 Nf6 5. Nc3 a6 6. Be2 e6 7. O-O b5 8. Bf3
Ra7 9. a4 b4 10. Na2 e5 11. Nb3 Nc6 12. Be3 Rb7 13. Nac1 a5 14. Be2 Bd7 15. Nd2
Be7 16. Ncb3 O-O 17. f3 d5 18. exd5 Nxd5 1/2-1/2

[Event "ch-city A"]
[Site "Warszawa"]
[Date "2012.05.30"]
[Round "5.3"]
[White "Grabarczyk, Miroslaw"]
[Black "Deszczynski, Adam"]
[Result "1/2-1/2"]
[WhiteElo "2445"]
[BlackElo "2356"]
[PlyCount "27"]
[EventDate "2012.05.26"]
[EventType "swiss"]
[EventRounds "9"]
[EventCountry "POL"]

1. d4 Nf6 2. c4 g6 3. Nf3 Bg7 4. g3 d5 5. cxd5 Nxd5 6. Bg2 Nb6 7. Nc3 Nc6 8. e3
O-O 9. O-O Re8 10. d5 Na5 11. Nd4 Bd7 12. Qe2 Qc8 13. Rd1 c6 14. dxc6 $11
1/2-1/2

[Event "ch-city A"]
[Site "Warszawa"]
[Date "2012.05.30"]
[Round "5.4"]
[White "Skawinski, Arkadiusz"]
[Black "Sznapik, Aleksander"]
[Result "1/2-1/2"]
[WhiteElo "2303"]
[BlackElo "2397"]
[PlyCount "57"]
[EventDate "2012.05.26"]
[EventType "swiss"]
[EventRounds "9"]
[EventCountry "POL"]

1. e4 g6 2. d4 Bg7 3. Nc3 c6 4. h3 d6 5. Nf3 Nf6 6. Be3 O-O 7. a4 a5 8. Be2 Na6
9. O-O Nb4 10. Qd2 Ne8 11. Bc4 d5 12. Bb3 Nd6 13. exd5 cxd5 14. Bh6 Bf5 15.
Bxg7 Kxg7 16. Qe2 Ne4 17. Nxe4 dxe4 18. Nh4 e6 19. Nxf5+ gxf5 20. Rad1 Nd5 21.
Bxd5 exd5 22. f3 Qg5 23. c4 dxc4 24. fxe4 fxe4 25. Qxe4 Rae8 26. Qf4 Qxf4 27.
Rxf4 Re2 28. Rf2 Rfe8 29. Rc1 $11 1/2-1/2

[Event "ch-city A"]
[Site "Warszawa"]
[Date "2012.05.30"]
[Round "5.5"]
[White "Nurkiewicz, Maciej"]
[Black "Jarmula, Pawel"]
[Result "1/2-1/2"]
[WhiteElo "2407"]
[BlackElo "2157"]
[PlyCount "113"]
[EventDate "2012.05.26"]
[EventType "swiss"]
[EventRounds "9"]
[EventCountry "POL"]

1. e4 e6 2. d4 d5 3. Nc3 Bb4 4. exd5 exd5 5. Bd3 Nf6 6. a3 Bxc3+ 7. bxc3 O-O 8.
Ne2 Nbd7 9. O-O Nb6 10. Ng3 Re8 11. Bf4 Nc4 12. h3 c6 13. Qf3 h6 14. Rfe1 Rxe1+
15. Rxe1 Be6 16. Bf5 Bd7 17. Bxd7 Nxd7 18. Nf5 Qf6 19. Qg4 Kh8 20. Re7 Nf8 21.
Rxb7 Ng6 22. Bg3 Re8 23. h4 Re4 24. Qh5 Kh7 25. f3 Re2 26. Qg4 Ne7 27. Nxe7
Rxe7 28. Rxe7 Qxe7 29. Qf5+ g6 30. Qc8 Qe6 31. Qb8 a5 32. a4 Kg7 33. Bf4 f6 34.
g4 g5 35. Bg3 Nd2 36. Kg2 Qe7 37. Qc7 Qxc7 38. Bxc7 Nc4 39. h5 Kf7 40. Kf2 Ke8
41. f4 Kd7 42. Bb8 Nb6 43. fxg5 fxg5 44. Be5 Nxa4 45. Bg7 Nxc3 46. Bxh6 a4 47.
Bf8 Ke8 48. Ba3 Nb5 49. Bb2 a3 50. Ba1 Kf7 51. Ke3 Nd6 52. Kd3 Ne4 53. Ke3 Nf6
54. Kf3 Ke6 55. Kg3 a2 56. Kf3 Kd6 57. Kg3 1/2-1/2

[Event "ch-city A"]
[Site "Warszawa"]
[Date "2012.05.30"]
[Round "5.6"]
[White "Rudolf, Michal"]
[Black "Szewczyk, Mariusz"]
[Result "1-0"]
[WhiteElo "2383"]
[BlackElo "1920"]
[PlyCount "59"]
[EventDate "2012.05.26"]
[EventType "swiss"]
[EventRounds "9"]
[EventCountry "POL"]

1. d4 Nf6 2. c4 e6 3. Nc3 Bb4 4. Qc2 d5 5. cxd5 exd5 6. Bg5 O-O 7. e3 Re8 8.
Nf3 Nc6 9. Be2 h6 10. Bf4 Be7 11. O-O g6 12. Bb5 Bf5 13. Qa4 g5 14. Bg3 Bd7 15.
Ne5 Nxe5 16. dxe5 Bxb5 17. Qxb5 Ne4 18. Nxe4 dxe4 19. Qxb7 Rb8 20. Qxe4 Rxb2
21. e6 Bf6 22. exf7+ Kxf7 23. Qc4+ Kg7 24. Rad1 Qe7 25. Qc6 Rd8 26. e4 Rdd2 27.
e5 Bxe5 28. Qe4 Kf6 29. Rfe1 Bd6 30. Qxe7+ 1-0

[Event "ch-city A"]
[Site "Warszawa"]
[Date "2012.05.30"]
[Round "5.7"]
[White "Cajbel, Maciej"]
[Black "Jarmula, Lukasz"]
[Result "1/2-1/2"]
[WhiteElo "2222"]
[BlackElo "2050"]
[PlyCount "52"]
[EventDate "2012.05.26"]
[EventType "swiss"]
[EventRounds "9"]
[EventCountry "POL"]

1. e4 c5 2. Nc3 d6 3. f4 g6 4. Nf3 Bg7 5. Bc4 Nf6 6. d3 Nc6 7. O-O O-O 8. Qe1
Nd4 9. Nxd4 cxd4 10. Ne2 d5 11. exd5 Nxd5 12. Kh1 b5 13. Bb3 e6 14. Ng3 Bb7 15.
Ne4 Qb6 16. Bd2 Ne3 17. Rf2 a5 18. a4 bxa4 19. Rxa4 Bc6 20. Rxa5 Rxa5 21. Bxa5
Qb7 22. Bd2 $11 Bxe4 23. dxe4 Qxe4 24. Rf3 Qc6 25. Bxe3 dxe3 26. Qxe3 Rd8 $11
1/2-1/2

[Event "ch-city A"]
[Site "Warszawa"]
[Date "2012.05.30"]
[Round "5.8"]
[White "Pietocha, Pawel"]
[Black "Zaczek, Jonathon"]
[Result "1-0"]
[WhiteElo "2124"]
[BlackElo "2117"]
[PlyCount "83"]
[EventDate "2012.05.26"]
[EventType "swiss"]
[EventRounds "9"]
[EventCountry "POL"]

1. e4 c5 2. c3 d5 3. exd5 Qxd5 4. d4 Nf6 5. Nf3 e6 6. Na3 a6 7. Nc2 Be7 8. Be3
cxd4 9. Ncxd4 O-O 10. Qc2 Ng4 11. Bd3 g6 12. h3 Nxe3 13. fxe3 Nd7 14. e4 Qd6
15. O-O-O e5 16. Nb3 Qc7 17. g4 Bf6 18. g5 Bg7 19. h4 Nb6 20. Qh2 Bg4 21. Qg2
Bh5 22. Be2 Rad8 23. Nfd2 Bxe2 24. Qxe2 Rd7 25. h5 Rfd8 26. hxg6 hxg6 27. Na1
Rd3 28. Nc2 Na4 29. Nf3 Nc5 30. Nb4 Rxd1+ 31. Rxd1 Rxd1+ 32. Kxd1 Qd7+ 33. Nd5
Qg4 34. Nd2 Qxg5 35. b4 Ne6 36. Nc4 Bh6 37. Kc2 Nf4 38. Qd1 Bg7 39. Nd6 b5 40.
Kb3 Qd8 41. Nb7 Qd7 42. Nf6+ 1-0

[Event "ch-city A"]
[Site "Warszawa"]
[Date "2012.05.30"]
[Round "5.9"]
[White "Malec, Sebastian"]
[Black "Adamski, Andrzej"]
[Result "0-1"]
[WhiteElo "2088"]
[BlackElo "2268"]
[PlyCount "88"]
[EventDate "2012.05.26"]
[EventType "swiss"]
[EventRounds "9"]
[EventCountry "POL"]

1. e4 e5 2. Nf3 Nc6 3. Bb5 d6 4. c3 Nf6 5. d3 g6 6. O-O Bg7 7. h3 O-O 8. Be3
Qe7 9. Qc1 a6 10. Ba4 Nd8 11. Bc2 Nh5 12. g4 Nf6 13. Nh2 Ne6 14. d4 c6 15. f4
exf4 16. Bxf4 Nxf4 17. Qxf4 Bd7 18. Nd2 c5 19. Rae1 cxd4 20. cxd4 Bb5 21. Rf2
Nd5 22. exd5 Qxe1+ 23. Kg2 Qe7 24. a4 Rac8 25. Bd1 Bc4 26. Bf3 Qf6 27. Qxf6
Bxf6 28. b3 Bd3 29. Be4 Bxe4+ 30. Nxe4 Bxd4 31. Rd2 Be5 32. Nf3 Bf4 33. Rf2 f5
34. gxf5 gxf5 35. Neg5 Rf6 36. Ne6 Rg6+ 37. Kf1 Rc1+ 38. Ke2 Rc2+ 39. Kf1 Rxf2+
40. Kxf2 Bg3+ 41. Ke2 Rh6 42. Nfg5 Bh4 43. Nf3 Bf6 44. Nf4 Be5 0-1

[Event "ch-city A"]
[Site "Warszawa"]
[Date "2012.05.30"]
[Round "5.10"]
[White "Alvarado, Carlos"]
[Black "Liberadzki, Slawomir"]
[Result "1/2-1/2"]
[WhiteElo "2215"]
[BlackElo "2080"]
[PlyCount "63"]
[EventDate "2012.05.26"]
[EventType "swiss"]
[EventRounds "9"]
[EventCountry "POL"]

1. d4 d5 2. c4 e6 3. Nc3 Nf6 4. Nf3 b6 5. Bg5 Be7 6. e3 O-O 7. Qc2 Bb7 8. cxd5
Nxd5 9. Bxe7 Qxe7 10. a3 Nd7 11. Nxd5 Bxd5 12. Qxc7 Rfc8 13. Qf4 Rc2 14. Bd3
Rxb2 15. e4 Ra2 16. Rxa2 Bxa2 17. Qc1 e5 18. Qc6 Qd8 19. Qc2 Rc8 20. Qb2 exd4
21. O-O Nc5 22. Rd1 Bb3 23. Rd2 Qc7 24. h3 Qf4 25. Bb1 d3 26. Qc3 Rc7 27. Bxd3
Be6 28. e5 Rd7 29. Bc2 Rxd2 30. Nxd2 g6 31. Nf3 Qc4 32. Qxc4 1/2-1/2

[Event "ch-city A"]
[Site "Warszawa"]
[Date "2012.05.30"]
[Round "5.11"]
[White "Guerrero Rodriguez, Alejandra"]
[Black "Olejarczyk, Bogdan"]
[Result "1-0"]
[WhiteElo "2057"]
[BlackElo "2132"]
[PlyCount "63"]
[EventDate "2012.05.26"]
[EventType "swiss"]
[EventRounds "9"]
[EventCountry "POL"]

1. e4 d5 2. exd5 Qxd5 3. Nc3 Qd6 4. d4 Nf6 5. Nf3 a6 6. g3 Bg4 7. Bg2 Nc6 8.
O-O O-O-O 9. d5 Ne5 10. Bf4 Bxf3 11. Bxf3 Nxf3+ 12. Qxf3 e5 13. dxe6 Qxe6 14.
Rfe1 Qf5 15. Re5 Qh3 16. Re2 Bb4 17. Bg5 Rd6 18. Ne4 Re6 19. Nxf6 gxf6 20. Rxe6
Qxe6 21. Qxf6 Re8 22. Rd1 Bd6 23. Qxe6+ fxe6 24. b3 b5 25. Rd4 Rf8 26. Be3 h5
27. Kg2 Rf5 28. a4 Kd7 29. Re4 Ke7 30. f3 Bc5 31. g4 Rd5 32. c4 1-0

[Event "ch-city A"]
[Site "Warszawa"]
[Date "2012.05.30"]
[Round "5.12"]
[White "Piotrowski, Arkadiusz"]
[Black "Gorecki, Andrzej"]
[Result "1-0"]
[WhiteElo "1959"]
[BlackElo "2102"]
[PlyCount "83"]
[EventDate "2012.05.26"]
[EventType "swiss"]
[EventRounds "9"]
[EventCountry "POL"]

1. e4 e6 2. d4 d5 3. e5 c5 4. c3 Nc6 5. Nf3 Bd7 6. Be2 Nge7 7. O-O Nf5 8. g4
Nh4 9. Nxh4 Qxh4 10. f4 Qd8 11. Be3 Qb6 12. b3 cxd4 13. cxd4 Be7 14. Nc3 O-O
15. Na4 Qa5 16. Rf3 f6 17. Rh3 b5 18. Nb2 g6 19. Nd3 f5 20. gxf5 exf5 21. Bf3
Be6 22. Rg3 Rac8 23. Rg2 Rfd8 24. a3 Qb6 25. Kh1 Na5 26. Nc5 Nb7 27. b4 Nxc5
28. bxc5 Qc6 29. Qb3 Rb8 30. Rb1 Bc8 31. Rgb2 a6 32. Qc2 Rd7 33. Qg2 a5 34. Bd2
Bd8 35. Be2 Ba6 36. Qf1 Rdb7 37. Bc1 Bc7 38. a4 bxa4 39. Bxa6 Rxb2 40. Rxb2 Rb4
41. Bb5 Qa8 42. Qd3 1-0

[Event "ch-city A"]
[Site "Warszawa"]
[Date "2012.05.30"]
[Round "5.14"]
[White "Winiarski, Mikolaj"]
[Black "Rozycki, Bartlomiej"]
[Result "1/2-1/2"]
[WhiteElo "1955"]
[BlackElo "1922"]
[PlyCount "43"]
[EventDate "2012.05.26"]
[EventType "swiss"]
[EventRounds "9"]
[EventCountry "POL"]

1. f4 d5 2. Nf3 e6 3. e3 Nd7 4. d4 f5 5. c3 Ngf6 6. Nbd2 Bd6 7. Be2 O-O 8. O-O
c6 9. Ne5 Ne4 10. Nxe4 fxe4 11. Bd2 Nxe5 12. fxe5 Be7 13. Rxf8+ Qxf8 14. Qf1
Bd7 15. Qxf8+ Rxf8 16. Rf1 c5 17. Rxf8+ Kxf8 18. b4 cxb4 19. cxb4 Ba4 20. Kf2
Kf7 21. Ke1 Bc2 22. Bd1 1/2-1/2

[Event "ch-city A"]
[Site "Warszawa"]
[Date "2012.05.30"]
[Round "5.15"]
[White "Gasik, Piotr"]
[Black "Suchocki, Tomasz"]
[Result "1-0"]
[WhiteElo "2124"]
[BlackElo "1949"]
[PlyCount "105"]
[EventDate "2012.05.26"]
[EventType "swiss"]
[EventRounds "9"]
[EventCountry "POL"]

1. c4 e6 2. Nc3 f5 3. e4 fxe4 4. Qh5+ g6 5. Qe5 Qf6 6. Qxe4 Bg7 7. Nf3 Nc6 8.
Be2 Qf5 9. Qxf5 gxf5 10. Nb5 Kd8 11. d3 a6 12. Nc3 d6 13. Bg5+ Bf6 14. O-O-O
Bd7 15. d4 Nce7 16. Rhe1 h6 17. Be3 Ng6 18. g3 Be7 19. Nd2 Nf6 20. f4 Bc6 21.
Bd3 Bd7 22. Bg1 c6 23. Nf3 d5 24. Ne5 Nxe5 25. dxe5 Ne4 26. Na4 Ke8 27. Kb1 Kf7
28. Nb6 Rad8 29. Nxd7 Rxd7 30. Bxe4 fxe4 31. Rxe4 Rhd8 32. cxd5 Rxd5 33. Rxd5
cxd5 34. Re1 Kg6 35. Kc2 Kf5 36. Kd3 Rc8 37. Be3 Kg4 38. Rf1 h5 39. f5 exf5 40.
Rf4+ Kh3 41. Rxf5 Kxh2 42. Rxh5+ Kxg3 43. Rh7 Re8 44. Kd4 Kf3 45. Bh6 Kg4 46.
Rf7 Kh5 47. Bd2 Kg6 48. e6 Bf6+ 49. Kxd5 Rd8+ 50. Rd7 Kf5 51. Rxd8 Bxd8 52. Kd6
Kf6 53. Bc3+ 1-0

[Event "ch-city A"]
[Site "Warszawa"]
[Date "2012.05.30"]
[Round "5.16"]
[White "Kowalska, Elzbieta"]
[Black "Gluszko, Monika"]
[Result "1-0"]
[WhiteElo "1944"]
[BlackElo "2057"]
[PlyCount "101"]
[EventDate "2012.05.26"]
[EventType "swiss"]
[EventRounds "9"]
[EventCountry "POL"]

1. e4 c5 2. Nf3 Nc6 3. d4 cxd4 4. Nxd4 Nf6 5. Nc3 d6 6. Bc4 e6 7. Bb3 Na5 8.
O-O Nxb3 9. axb3 Be7 10. f4 O-O 11. Be3 d5 12. e5 Nd7 13. g4 Re8 14. Rf3 Bf8
15. g5 b6 16. Rh3 g6 17. Ncb5 Bb7 18. Rxa7 Rxa7 19. Nxa7 Qa8 20. Nab5 Qa2 21.
Bc1 Qa5 22. Bd2 Qa2 23. b4 Ra8 24. Ra3 Rxa3 25. bxa3 Ba6 26. Be3 h6 27. h4 Qc4
28. Qd3 Qa2 29. Qd1 Qc4 30. Qd3 Qa2 31. Kg2 hxg5 32. hxg5 Qa1 33. Qd2 Qa2 34.
Qc3 Qc4 35. Qxc4 dxc4 36. Kf2 Bb7 37. Ke2 Be7 38. Kd2 Kf8 39. Kc3 Bd5 40. Nc7
Bd8 41. Ndb5 Ke7 42. a4 Bxc7 43. Nxc7 Kd8 44. Nxd5 exd5 45. Kd4 Kc7 46. Kxd5
Nb8 47. Kxc4 Nc6 48. Kb5 Na7+ 49. Ka6 Nc8 50. c4 Kc6 51. b5+ 1-0

[Event "ch-city A"]
[Site "Warszawa"]
[Date "2012.05.30"]
[Round "5.17"]
[White "Lasota, Adam"]
[Black "Kaliszewski, Tomasz"]
[Result "0-1"]
[WhiteElo "1875"]
[BlackElo "2020"]
[PlyCount "102"]
[EventDate "2012.05.26"]
[EventType "swiss"]
[EventRounds "9"]
[EventCountry "POL"]

1. d4 Nf6 2. Bf4 c5 3. e3 e6 4. c3 b6 5. Nf3 Bb7 6. Nbd2 Be7 7. h3 Nc6 8. Be2
Rc8 9. O-O O-O 10. Nc4 cxd4 11. exd4 d6 12. a4 d5 13. Nce5 Nxe5 14. Nxe5 a6 15.
Re1 Bd6 16. Bd3 Ne4 17. Bh2 f6 18. Nf3 Bxh2+ 19. Nxh2 Re8 20. Qe2 Qc7 21. Qc2
h6 22. f3 Nd6 23. Bg6 Re7 24. Ng4 Nc4 25. b3 Nd6 26. Rac1 b5 27. b4 a5 28. bxa5
Qxa5 29. axb5 Nxb5 30. Ra1 Qxc3 31. Qxc3 Nxc3 32. Bd3 Kf7 33. Kf2 Bc6 34. Rec1
Be8 35. Re1 Bb5 36. Re3 h5 37. Nh2 e5 38. Bxb5 Nxb5 39. dxe5 fxe5 40. Nf1 Nd4
41. Ng3 g6 42. Ra5 Rc2+ 43. Ne2 Nf5 44. Rc3 Rxc3 45. Nxc3 d4 46. Ne4 Ne3 47. g4
h4 48. Ra8 Rc7 49. Rh8 Rc2+ 50. Ke1 d3 51. Rd8 Re2# 0-1

[Event "ch-city A"]
[Site "Warszawa"]
[Date "2012.05.30"]
[Round "5.18"]
[White "Pastuszko, Kinga"]
[Black "Eggink, Mateusz"]
[Result "1/2-1/2"]
[WhiteElo "1945"]
[BlackElo "2012"]
[PlyCount "154"]
[EventDate "2012.05.26"]
[EventType "swiss"]
[EventRounds "9"]
[EventCountry "POL"]

1. e4 c5 2. Nf3 d6 3. d4 cxd4 4. Nxd4 Nf6 5. Nc3 a6 6. Be3 e6 7. Qd2 b5 8. f3
Nbd7 9. O-O-O Bb7 10. g4 Nb6 11. Bd3 Rc8 12. h4 Nfd7 13. f4 Nc4 14. Qe2 Ndb6
15. f5 e5 16. Nb3 Qc7 17. Bxb6 Nxb6 18. g5 Be7 19. Rdf1 d5 20. f6 gxf6 21. gxf6
Bb4 22. Nxd5 Nxd5 23. exd5 Bxd5 24. Rh2 Bd6 25. Kb1 Be6 26. Rhf2 h5 27. Bf5 Qc4
28. Bxe6 Qxe6 29. Nd2 Qg4 30. Nf3 Qe6 31. Re1 Rc5 32. Ng5 Qc4 33. Ne4 Qxe2 34.
Rexe2 Rd5 35. Nxd6+ Kd7 36. c4 Rxd6 37. Rxe5 Re8 38. Rxe8 Kxe8 39. cxb5 axb5
40. Rf5 b4 41. Kc2 Kd7 42. Kb3 Rb6 43. Rf4 Kc7 44. Rc4+ Kd7 45. Rd4+ Kc7 46.
Rf4 Kd7 47. Kc4 Ke6 48. Kc5 Rb8 49. Rxb4 Rc8+ 50. Kd4 Kxf6 51. Ke4 Kg6 52. a4
Rc1 53. b3 f5+ 54. Kf3 Rc3+ 55. Kf4 Rh3 56. Rb6+ Kf7 57. Kxf5 Rxh4 58. Rb7+ Ke8
59. Kg5 Rh1 60. Rb4 Kd7 61. a5 Ra1 62. Rb5 Kc6 63. Rb6+ Kc7 64. b4 Rh1 65. b5
h4 66. Rc6+ Kb8 67. a6 h3 68. Rb6+ Ka8 69. Kg4 Ka7 70. Rb7+ Ka8 71. b6 Rg1+ 72.
Kf4 Rg6 73. Ra7+ Kb8 74. Rb7+ Ka8 75. Ra7+ Kb8 76. Rb7+ Ka8 77. Ra7+ Kb8
1/2-1/2

[Event "ch-city A"]
[Site "Warszawa"]
[Date "2012.05.30"]
[Round "5.19"]
[White "Sielicki, Tomasz"]
[Black "Spicak, Krzysztof"]
[Result "1/2-1/2"]
[WhiteElo "2011"]
[BlackElo "2009"]
[PlyCount "108"]
[EventDate "2012.05.26"]
[EventType "swiss"]
[EventRounds "9"]
[EventCountry "POL"]

1. d4 c5 2. d5 g6 3. e4 Bg7 4. Nc3 d6 5. Nf3 a6 6. a4 Nf6 7. Be2 O-O 8. O-O
Nbd7 9. Bf4 Qc7 10. h3 Rb8 11. Nd2 Rd8 12. Bh2 Ne8 13. Nc4 Bd4 14. Kh1 Ne5 15.
Nd2 Nd7 16. f4 Bxc3 17. bxc3 Qa5 18. c4 Qc7 19. Ra3 Ng7 20. g4 f6 21. Nf3 Rf8
22. e5 f5 23. Nh4 b5 24. axb5 axb5 25. cxb5 c4 26. gxf5 Nxf5 27. Nxf5 Rxf5 28.
Bg4 Nb6 29. Qd4 dxe5 30. Qd1 Rf8 31. fxe5 Bxg4 32. hxg4 Qc5 33. Raf3 Qxd5 34.
Qxd5+ Nxd5 35. Rxf8+ Rxf8 36. Rxf8+ Kxf8 37. e6 Ke8 38. Kg2 Kd8 39. Kf3 Kc8 40.
g5 Kb7 41. Ke4 Nc3+ 42. Kd4 Nxb5+ 43. Kxc4 Kc6 44. Be5 Na7 45. Kd4 Nb5+ 46. Kc4
Na7 47. Kd4 Nc8 48. c4 Nb6 49. Bf4 Na4 50. Bd2 Nc5 51. Ke5 Nd3+ 52. Kd4 Nc5 53.
Ke5 Nd3+ 54. Kd4 Nc5 1/2-1/2

[Event "ch-city A"]
[Site "Warszawa"]
[Date "2012.05.31"]
[Round "6.1"]
[White "Janczarski, Michal"]
[Black "Strzemiecki, Zbigniew"]
[Result "1/2-1/2"]
[WhiteElo "2345"]
[BlackElo "2416"]
[PlyCount "27"]
[EventDate "2012.05.26"]
[EventType "swiss"]
[EventRounds "9"]
[EventCountry "POL"]

1. c4 Nf6 2. Nf3 e6 3. e3 b6 4. Be2 Bb7 5. O-O Be7 6. b3 O-O 7. Bb2 d5 8. Nc3
Nbd7 9. d4 $11 c5 10. cxd5 Nxd5 11. Rc1 Bf6 12. Ne4 Be7 13. dxc5 Nxc5 14. Qd4
$11 1/2-1/2

[Event "ch-city A"]
[Site "Warszawa"]
[Date "2012.05.31"]
[Round "6.3"]
[White "Rudolf, Michal"]
[Black "Grabarczyk, Miroslaw"]
[Result "1/2-1/2"]
[WhiteElo "2383"]
[BlackElo "2445"]
[PlyCount "64"]
[EventDate "2012.05.26"]
[EventType "swiss"]
[EventRounds "9"]
[EventCountry "POL"]

1. d4 d5 2. c4 e6 3. Nc3 Nf6 4. cxd5 Nxd5 5. e4 Nxc3 6. bxc3 c5 7. Nf3 cxd4 8.
cxd4 Bb4+ 9. Bd2 Bxd2+ 10. Qxd2 O-O 11. Bc4 Nd7 12. O-O b6 13. Rfe1 Bb7 14.
Rad1 Rc8 15. Bb3 h6 16. Qf4 Qf6 17. Qg4 Rfd8 18. Re3 b5 19. h4 a5 20. e5 Qe7
21. d5 a4 22. dxe6 axb3 23. exf7+ Kh8 24. axb3 Nf8 25. Rxd8 Rxd8 26. e6 Bxf3
27. Qxf3 Rd6 28. Qa8 Rd1+ 29. Kh2 Qxh4+ 30. Rh3 Qf4+ 31. Rg3 Qh4+ 32. Rh3 Qf4+
1/2-1/2

[Event "ch-city A"]
[Site "Warszawa"]
[Date "2012.05.31"]
[Round "6.4"]
[White "Sznapik, Aleksander"]
[Black "Szczepkowska Horowska, Karina"]
[Result "0-1"]
[WhiteElo "2397"]
[BlackElo "2387"]
[PlyCount "88"]
[EventDate "2012.05.26"]
[EventType "swiss"]
[EventRounds "9"]
[EventCountry "POL"]

1. e4 e5 2. Nf3 Nc6 3. Bb5 a6 4. Ba4 Nf6 5. O-O Be7 6. Re1 b5 7. Bb3 O-O 8. d4
d6 9. c3 Bg4 10. d5 Na5 11. Bc2 c6 12. h3 Bc8 13. dxc6 Qc7 $11 14. a4 Qxc6 15.
Nbd2 h6 16. Nf1 Be6 17. Ng3 Rfd8 18. Nh4 Bf8 19. Qf3 Nh7 20. Nhf5 Kh8 21. Ne3
Nb3 22. axb5 axb5 23. Rxa8 Rxa8 24. Bxb3 Bxb3 25. Nd5 Qb7 26. Be3 g6 27. Nb4
Be6 28. Qe2 Nf6 29. Qd2 Kh7 30. f3 d5 31. exd5 Nxd5 32. Ne4 Nxe3 33. Qxe3 Qc7
34. Kh1 Be7 35. Nd3 Bc4 36. Nef2 Bh4 37. Nxe5 Qa7 38. Qxa7 Rxa7 39. Kg1 Bb3 40.
Ned3 Ra2 41. Re4 Bg3 42. Kf1 Bc4 43. Rd4 Rxb2 44. Nd1 Rd2 0-1

[Event "ch-city A"]
[Site "Warszawa"]
[Date "2012.05.31"]
[Round "6.5"]
[White "Deszczynski, Adam"]
[Black "Skawinski, Arkadiusz"]
[Result "0-1"]
[WhiteElo "2356"]
[BlackElo "2303"]
[PlyCount "62"]
[EventDate "2012.05.26"]
[EventType "swiss"]
[EventRounds "9"]
[EventCountry "POL"]

1. e4 e6 2. d4 d5 3. Nd2 Be7 4. Bd3 c5 5. dxc5 Nf6 6. Qe2 O-O 7. Ngf3 Nfd7 8.
Nb3 a5 9. a4 Na6 10. exd5 exd5 $11 11. O-O Naxc5 12. Nxc5 Nxc5 13. Bb5 Bf6 14.
Be3 Qc7 15. Bd4 Ne4 16. h3 Bd7 17. Bxd7 Qxd7 $11 18. Rfd1 Rfe8 19. Qd3 Qc6 20.
c3 Bxd4 21. Nxd4 Qf6 22. Qf3 Qxf3 23. Nxf3 Nf6 24. Nd4 g6 25. f3 Re3 26. Kf2
Rae8 27. Rd2 h5 28. Ra3 Re1 29. Rb3 Ra1 30. Rxb7 Rxa4 31. Nc2 h4 $138 0-1

[Event "ch-city A"]
[Site "Warszawa"]
[Date "2012.05.31"]
[Round "6.7"]
[White "Adamski, Andrzej"]
[Black "Guerrero Rodriguez, Alejandra"]
[Result "1-0"]
[WhiteElo "2268"]
[BlackElo "2057"]
[PlyCount "79"]
[EventDate "2012.05.26"]
[EventType "swiss"]
[EventRounds "9"]
[EventCountry "POL"]

1. e4 c5 2. Nc3 Nc6 3. f4 g6 4. Nf3 Bg7 5. d3 e6 6. Be3 b6 7. Qd2 Nge7 8. g3 d5
9. Bf2 d4 10. Ne2 e5 11. c4 dxc3 12. bxc3 O-O 13. fxe5 Bg4 14. Neg1 Nxe5 15.
Nxe5 Bxe5 16. h3 Be6 17. Nf3 Bg7 18. Bg2 Nc6 19. O-O Qf6 20. d4 Rad8 21. Be3
Bc4 22. Bg5 Qe6 23. Bxd8 Bxf1 24. d5 Qc8 25. Rxf1 Rxd8 26. Qf4 Ne7 27. Ng5 Rf8
28. e5 Qd7 29. c4 Nf5 30. Kh2 Qe7 31. Nf3 h5 32. d6 Qe6 33. Re1 Bh6 34. Ng5 Qe8
35. Bd5 Nxd6 36. Qf6 Bxg5 37. Qxg6+ Kh8 38. Qxh5+ Kg8 39. Qxg5+ Kh8 40. Qf6+
1-0

[Event "ch-city A"]
[Site "Warszawa"]
[Date "2012.05.31"]
[Round "6.8"]
[White "Jarmula, Pawel"]
[Black "Cajbel, Maciej"]
[Result "1/2-1/2"]
[WhiteElo "2157"]
[BlackElo "2222"]
[PlyCount "28"]
[EventDate "2012.05.26"]
[EventType "swiss"]
[EventRounds "9"]
[EventCountry "POL"]

1. e4 c5 2. Nf3 e6 3. b3 Nc6 4. Bb2 d6 5. d4 cxd4 6. Nxd4 a6 7. g3 Bd7 8. Bg2
Nf6 9. O-O Be7 10. c4 O-O 11. Nc3 Rc8 12. Nc2 Qa5 13. Qe2 Rfd8 14. Rfd1 Ne5 $11
1/2-1/2

[Event "ch-city A"]
[Site "Warszawa"]
[Date "2012.05.31"]
[Round "6.9"]
[White "Liberadzki, Slawomir"]
[Black "Piotrowski, Arkadiusz"]
[Result "1-0"]
[WhiteElo "2080"]
[BlackElo "1959"]
[PlyCount "71"]
[EventDate "2012.05.26"]
[EventType "swiss"]
[EventRounds "9"]
[EventCountry "POL"]

1. c4 e5 2. Nc3 Nf6 3. g3 c6 4. Nf3 e4 5. Nd4 Bb4 6. Bg2 Bxc3 7. dxc3 O-O 8.
Bg5 Re8 9. Qc2 d5 10. cxd5 cxd5 11. O-O Nc6 12. Rad1 Be6 13. Nxc6 bxc6 14. Bxe4
h6 15. Bxf6 Qxf6 16. Bg2 Bf5 17. Qd2 Re7 18. e3 Rb8 19. h3 Qg6 20. Qd4 Qe6 21.
Qa4 Qg6 22. Rd4 Bd3 23. Rd1 Be2 24. Rc1 Rb6 25. Bf1 c5 26. Rxd5 Ra6 27. Qh4
Bxf1 28. Rxf1 Re8 29. Rd2 Qe6 30. c4 Rd6 31. Rfd1 Red8 32. Qxd8+ Rxd8 33. Rxd8+
Kh7 34. R8d5 Qb6 35. Rd7 Kg6 36. R7d6+ 1-0

[Event "ch-city A"]
[Site "Warszawa"]
[Date "2012.05.31"]
[Round "6.10"]
[White "Szewczyk, Mariusz"]
[Black "Alvarado, Carlos"]
[Result "1-0"]
[WhiteElo "1920"]
[BlackElo "2215"]
[PlyCount "97"]
[EventDate "2012.05.26"]
[EventType "swiss"]
[EventRounds "9"]
[EventCountry "POL"]

1. e4 c5 2. Nc3 Nc6 3. f4 g6 4. Nf3 Bg7 5. Bc4 d6 6. O-O e6 7. d3 Nge7 8. Qe1
a6 9. a4 O-O 10. Qh4 d5 11. Bb3 Nd4 12. Nxd4 cxd4 13. Nd1 dxe4 14. dxe4 d3 15.
Be3 dxc2 16. Bxc2 Nc6 17. Qf2 Bd4 18. Nc3 Qb6 19. Bxd4 Qxd4 20. Rfd1 Qxf2+ 21.
Kxf2 e5 22. f5 gxf5 23. exf5 Nd4 24. Be4 Bxf5 25. Bxf5 Nxf5 26. Rd7 Nd4 27.
Rxb7 Rab8 28. Rxb8 Rxb8 29. Rb1 Rb4 30. Ke3 Kg7 31. Kd3 f6 32. h3 h5 33. g3 Kg6
34. a5 Nb3 35. Kc2 Nd4+ 36. Kd3 Nc6 37. Kc2 $11 h4 38. Rg1 Kf7 39. g4 Kg6 40.
Rf1 Nxa5 41. Rxf6+ Kxf6 42. Nd5+ Ke6 43. Nxb4 Nc4 44. Nxa6 e4 45. b4 Ne3+ 46.
Kc3 Nxg4 47. Kd4 Kd6 48. hxg4 h3 49. Nc5 1-0

[Event "ch-city A"]
[Site "Warszawa"]
[Date "2012.05.31"]
[Round "6.11"]
[White "Kaliszewski, Tomasz"]
[Black "Sujkowski, Pawel"]
[Result "0-1"]
[WhiteElo "2020"]
[BlackElo "1964"]
[PlyCount "44"]
[EventDate "2012.05.26"]
[EventType "swiss"]
[EventRounds "9"]
[EventCountry "POL"]

1. e4 c5 2. Nf3 Nc6 3. Nc3 g6 4. d4 cxd4 5. Nxd4 Bg7 6. Be3 Nf6 7. f3 O-O 8.
Qd2 d5 9. O-O-O dxe4 10. Nxc6 Qxd2+ 11. Rxd2 bxc6 12. Nxe4 Nd5 13. Bg5 f6 14.
c4 fxg5 15. cxd5 cxd5 16. Rxd5 Be6 17. Ra5 g4 18. fxg4 Rac8+ 19. Kb1 Bxg4 20.
Ba6 Rb8 21. Rb5 Be2 22. Nf6+ Bxf6 0-1